logo

Bir Sreshtho Munshi Abdur Rouf Library
Jhenaidah Cadet College

একুশ শতকের জ্যোতির্বিজ্ঞান / (Record no. 11113)

MARC details
000 -LEADER
fixed length control field 00851nam a2200241 a 4500
001 - CONTROL NUMBER
JCCL Control Number 11113
003 - CONTROL NUMBER IDENTIFIER
JCCL marc code BD-JhCC
005 - DATE AND TIME OF LATEST TRANSACTION
control field 20190801081612.0
008 - FIXED-LENGTH DATA ELEMENTS--GENERAL INFORMATION
fixed length control field 190630b20102016bg a|||| ||a| 000 0 ben d
020 ## - INTERNATIONAL STANDARD BOOK NUMBER
International Standard Book Number 9847009601354
035 ## - SYSTEM CONTROL NUMBER
system control number (BD-JhCC)11113
040 ## - CATALOGING SOURCE
Original cataloging agency BD-JhCC
Modifying agency BD-JhCC
041 ## - LANGUAGE CODE
Language code of Book ben
082 ## - DEWEY DECIMAL CLASSIFICATION NUMBER
Classification number 520.5
Author mark and Year EKU 2016
245 ## - TITLE STATEMENT
Title একুশ শতকের জ্যোতির্বিজ্ঞান /
Statement of responsibility, etc সম্পাদনা: এ এম হারুন অর রশীদ,মুনির হাসান
260 ## - PUBLICATION, DISTRIBUTION, ETC. (IMPRINT)
Place of publication, distribution, etc ঢাকা:
Name of publisher, distributor, etc তাম্রলিপি;
Date of publication, distribution, etc ২০১৬.
300 ## - PHYSICAL DESCRIPTION
Pagination ২০৬ পৃঃ . :
Other physical details ill;
Dimensions ২২ সেমি.
650 ## - SUBJECT ADDED ENTRY--TOPICAL TERM
Topical term or geographic name as entry element Astronomy
700 ## - ADDED ENTRY--PERSONAL NAME
Personal name রশীদ, এ এম হারুন অর
700 ## - ADDED ENTRY--PERSONAL NAME
Personal name হাসান, মুনির
942 ## - ADDED ENTRY ELEMENTS (KOHA)
Source of classification or shelving scheme Dewey Decimal Classification
Koha item type Books
Holdings
Source of classification or shelving scheme Damaged status Not for loan Home library Current library Shelving location Cost, normal purchase price Total Checkouts Full call number Barcode Date last seen Copy number Koha item type
Dewey Decimal Classification     JCC Rouf Library JCC Rouf Library General Stacks 189.00   520.5 EKU 2016 15105 07/30/2019 C-1 Books

JCC Library | Contacts | JCC Home

Last Update on 23 September 2017
Copyright @ 2017-2020 JCC Rouf Library
Rouf Library, Jhenidah Cadet College (JCC), Bangladesh